[Event "Cto Equipos Aragon 2013 DH Titulo"]
[Site "?"]
[Date "2013.04.07"]
[Round "11.14"]
[White "Guetas Sanchez, Hugo"]
[Black "Mimbela Lopez, Miguel Angel"]
[Result "1-0"]
[WhiteElo "2163"]
[BlackElo "2187"]
[PlyCount "43"]
[EventDate "2013.??.??"]
[EventType "tourn"]
[EventRounds "4"]
[WhiteTeam "L`Aurora Estadilla"]
[BlackTeam "Agrupacion"]

1. d4 f5 2. Bg5 Nf6 3. e3 c5 4. Bxf6 exf6 5. d5 Qb6 6. b3 Bd6 7. Nf3 f4 8. e4
Qb4+ 9. Nfd2 Be5 10. c3 Bxc3 11. Nxc3 Qxc3 12. Rc1 Qe5 13. Rxc5 O-O 14. Qc2 Na6
15. Bxa6 bxa6 16. O-O d6 17. Rc7 Qh5 18. Qc6 Qg6 19. Kh1 Rb8 20. Qxd6 Qh6 21.
Rfc1 f3 22. Rxc8 1-0

[Event "Cto Equipos Aragon 2013 DH Titulo"]
[Site "?"]
[Date "2013.04.07"]
[Round "11.15"]
[White "Barros Gutierrez, Angel Luis"]
[Black "Escuer Sanchez, Nestor"]
[Result "1/2-1/2"]
[WhiteElo "2169"]
[BlackElo "2063"]
[PlyCount "65"]
[EventDate "2013.??.??"]
[EventType "tourn"]
[EventRounds "4"]
[WhiteTeam "Agrupacion"]
[BlackTeam "L`Aurora Estadilla"]

1. d4 e6 2. c4 Nf6 3. Nc3 d5 4. Bg5 Be7 5. e3 O-O 6. Nf3 Nbd7 7. Qc2 a6 8. Rd1
Re8 9. a3 c6 10. h3 Nf8 11. Bd3 b5 12. c5 N6d7 13. Bf4 f5 14. b4 Bf6 15. Bd6 g6
16. Be5 Qe7 17. O-O Qg7 18. Bxf6 Qxf6 19. Ne2 e5 20. dxe5 Nxe5 21. Nxe5 Qxe5
22. Nd4 Bd7 23. a4 Ne6 24. Nxe6 Bxe6 25. Rfe1 Qf6 26. a5 Rad8 27. f4 Rd7 28.
Bf1 Bf7 29. Qd2 Kg7 30. Bd3 Rde7 31. Bc2 Qh4 32. Qd4+ Kg8 33. Re2 1/2-1/2

[Event "Cto Equipos Aragon 2013 DH Titulo"]
[Site "?"]
[Date "2013.04.07"]
[Round "11.16"]
[White "Felez Casedas, Carlos"]
[Black "Martinez Asensio, Juan Miguel"]
[Result "0-1"]
[WhiteElo "2012"]
[BlackElo "2099"]
[PlyCount "52"]
[EventDate "2013.??.??"]
[EventType "tourn"]
[EventRounds "4"]
[WhiteTeam "L`Aurora Estadilla"]
[BlackTeam "Agrupacion"]

1. e4 c5 2. c3 d5 3. exd5 Qxd5 4. d4 g6 5. dxc5 Qxc5 6. Be3 Qc7 7. Na3 Nc6 8.
Nf3 Bg7 9. Bc4 Nh6 10. Nb5 Qb8 11. Qd2 Nf5 12. Bf4 e5 13. Bxf7+ Kxf7 14. Qd5+
Ke7 15. Ng5 Rf8 16. Qc5+ Ke8 17. Ne4 exf4 18. O-O-O Be5 19. Ned6+ Nxd6 20.
Nxd6+ Bxd6 21. Rxd6 Kf7 22. h4 h5 23. Rf6+ Kxf6 24. Qxf8+ Ke6 25. Qe8+ Kd5 26.
b4 Qe5 0-1

[Event "Cto Equipos Aragon 2013 DH Descenso"]
[Site "Aragon"]
[Date "2013.04.07"]
[Round "11.19"]
[White "Arregui Untoria, Carlos"]
[Black "Sancho Cortes, Maria Angeles"]
[Result "1/2-1/2"]
[WhiteElo "2101"]
[BlackElo "2020"]
[PlyCount "22"]
[EventDate "2013.??.??"]
[EventType "tourn"]
[EventRounds "4"]
[EventCountry "ESP"]
[WhiteTeam "St. Casablanca B"]
[BlackTeam "Ibercaja B"]

1. d4 Nf6 2. c4 e5 3. dxe5 Ng4 4. Bf4 Bb4+ 5. Nc3 Nc6 6. Nf3 Qe7 7. e3 Ngxe5 8.
Nxe5 Nxe5 9. Be2 Bxc3+ 10. bxc3 O-O 11. O-O d6 1/2-1/2

[Event "Cto Equipos Aragon 2013 DH Descenso"]
[Site "Aragon"]
[Date "2013.04.07"]
[Round "11.21"]
[White "Villuendas Valero, Adrian"]
[Black "Gavin Roche, Enrique"]
[Result "1-0"]
[WhiteElo "2301"]
[BlackElo "2249"]
[PlyCount "99"]
[EventDate "2013.??.??"]
[EventType "tourn"]
[EventRounds "4"]
[EventCountry "ESP"]
[WhiteTeam "Ramiro"]
[BlackTeam "ONCE C.A. Aragon"]

1. d4 d5 2. Bf4 c6 3. e3 Bf5 4. c4 Bxb1 5. Qxb1 e5 6. Bxe5 Qa5+ 7. Kd1 Nd7 8.
Nf3 Ngf6 9. Bd3 Nxe5 10. Nxe5 Bd6 11. Nf3 dxc4 12. Bxc4 O-O 13. Ke2 Qh5 14. h3
Rae8 15. Bd3 Nd5 16. Re1 Nf4+ 17. Kf1 Nxh3 18. Bxh7+ Qxh7 19. Qxh7+ Kxh7 20.
gxh3 f5 21. Rab1 Kg6 22. b4 a6 23. a4 Rh8 24. Kg2 Kf6 25. Nd2 Rh4 26. Nc4 Bb8
27. Na5 Re7 28. Red1 f4 29. Rb3 Bd6 30. Nc4 Bc7 31. b5 axb5 32. axb5 fxe3 33.
Nxe3 Rd7 34. bxc6 bxc6 35. Ng4+ Ke6 36. Rc3 Rd6 37. Re1+ Kf5 38. Re5+ Kg6 39.
Re4 Kh5 40. Rc5+ g5 41. Ree5 Bd8 42. Re4 Bf6 43. f4 Rxg4+ 44. hxg4+ Kh4 45.
fxg5 Bxd4 46. Rf5 Bb6 47. g6 Rd2+ 48. Kf1 Rd6 49. g7 Rg6 50. Kg2 1-0

[Event "Cto Equipos Aragon 2013 DH Descenso"]
[Site "Aragon"]
[Date "2013.04.07"]
[Round "11.22"]
[White "Campos Hernandez, Antonio"]
[Black "Colom Sienes, Eduardo"]
[Result "0-1"]
[WhiteElo "2183"]
[BlackElo "2028"]
[PlyCount "64"]
[EventDate "2013.??.??"]
[EventType "tourn"]
[EventRounds "4"]
[EventCountry "ESP"]
[WhiteTeam "ONCE C.A. Aragon"]
[BlackTeam "Ramiro"]

1. e4 e6 2. d4 d5 3. Nd2 Be7 4. Ngf3 Nf6 5. exd5 exd5 6. Bd3 O-O 7. O-O Bg4 8.
c3 c6 9. Qb3 Qc7 10. Ne5 c5 11. Qc2 Bh5 12. Re1 Nc6 13. Nxc6 bxc6 14. Nf1 Bg6
15. Bg5 c4 16. Bxg6 fxg6 17. Re6 a5 18. Rae1 Bd6 19. Bxf6 Rxf6 20. Rxf6 gxf6
21. b3 cxb3 22. axb3 Rb8 23. c4 c5 24. dxc5 Qxc5 25. Qd3 dxc4 26. bxc4 a4 27.
Nd2 a3 28. Ne4 Qb4 29. Qd5+ Kh8 30. Kf1 Be5 31. Ng5 Qxe1+ 32. Kxe1 a2 0-1

[Event "Cto Equipos Aragon 2013 DH Descenso"]
[Site "Aragon"]
[Date "2013.04.07"]
[Round "11.23"]
[White "Palacios Herrero, Pablo"]
[Black "Laliena Solares, Luis M"]
[Result "0-1"]
[WhiteElo "1963"]
[BlackElo "2160"]
[PlyCount "70"]
[EventDate "2013.??.??"]
[EventType "tourn"]
[EventRounds "4"]
[EventCountry "ESP"]
[WhiteTeam "Ramiro"]
[BlackTeam "ONCE C.A. Aragon"]

1. e4 e6 2. d4 d5 3. e5 c5 4. c3 Nc6 5. Nf3 Qb6 6. a3 c4 7. Nbd2 Na5 8. g3 Bd7
9. Bg2 Ne7 10. O-O h6 11. Rb1 Qc7 12. Qc2 Nc8 13. b3 cxb3 14. Nxb3 Ba4 15. Nfd2
Nb6 16. Qd3 Nac4 17. f4 g6 18. g4 O-O-O 19. f5 gxf5 20. gxf5 Rg8 21. Kh1 Bc6
22. fxe6 fxe6 23. Qh3 Qg7 24. Nf3 Be7 25. Ne1 Qg6 26. Qd3 Na4 27. Qxg6 Rxg6 28.
Rf7 Nxc3 29. Ra1 Bh4 30. Nf3 Bf2 31. Nc5 Rdg8 32. Ng5 Bxd4 33. Ncxe6 Bxe5 34.
Bh3 Kb8 35. Nf3 d4 0-1

[Event "Cto Equipos Aragon 2013 DH Descenso"]
[Site "Aragon"]
[Date "2013.04.07"]
[Round "11.24"]
[White "Cobo Garrido, Diego Israel"]
[Black "Gomez Salinas, Nestor"]
[Result "0-1"]
[WhiteElo "2059"]
[BlackElo "1883"]
[PlyCount "132"]
[EventDate "2013.??.??"]
[EventType "tourn"]
[EventRounds "4"]
[EventCountry "ESP"]
[WhiteTeam "ONCE C.A. Aragon"]
[BlackTeam "Ramiro"]

1. e4 c5 2. Nf3 d6 3. d4 cxd4 4. Nxd4 Nf6 5. Nc3 a6 6. f4 Nbd7 7. Be2 b5 8. Bf3
Bb7 9. Be3 e6 10. a3 Nc5 11. e5 Nfe4 12. Nxe4 Nxe4 13. O-O dxe5 14. fxe5 Be7
15. Qd3 Nc5 16. Bxb7 Nxb7 17. Qe4 Qd5 18. Qxd5 exd5 19. Nf5 Rg8 20. Rad1 Rd8
21. Nxe7 Kxe7 22. Bg5+ Ke6 23. Bxd8 Nxd8 24. Rf3 Nc6 25. Rc3 Nxe5 26. b3 Kd6
27. Rd4 g6 28. Kf1 h5 29. h3 Rb8 30. Ke1 Re8 31. Kd1 Rb8 32. Kc1 Nc6 33. Rf4 f5
34. Re3 Ne5 35. c3 Rb7 36. Kc2 Rb8 37. a4 Rb7 38. axb5 axb5 39. Rf1 Ra7 40. Kb2
Re7 41. Rfe1 Nd3+ 42. Rxd3 Rxe1 43. Rg3 Re6 44. Ka3 Kc5 45. h4 Ra6+ 46. Kb2 b4
47. Rd3 Re6 48. cxb4+ Kxb4 49. Rd4+ Kc5 50. Kc3 Re3+ 51. Rd3 d4+ 52. Kd2 Re4
53. Rg3 Rxh4 54. Rxg6 Rg4 55. Rf6 Rxg2+ 56. Kd3 Rg3+ 57. Kd2 Rg5 58. Kd3 h4 59.
Rh6 Rg3+ 60. Kd2 h3 61. Rh5 Rxb3 62. Rxf5+ Kc4 63. Rh5 Ra3 64. Kc2 Rg3 65. Rh8
Rg2+ 66. Kc1 h2 0-1

[Event "Cto Equipos Aragon 2013 DH Descenso"]
[Site "Aragon"]
[Date "2013.04.07"]
[Round "11.26"]
[White "Luis Vitalla, Fernando Maria"]
[Black "Mimbela Lopez, Luis"]
[Result "1/2-1/2"]
[WhiteElo "2152"]
[BlackElo "2118"]
[PlyCount "75"]
[EventDate "2013.??.??"]
[EventType "tourn"]
[EventRounds "4"]
[EventCountry "ESP"]
[WhiteTeam "Club Atletismo Huesca"]
[BlackTeam "Agrupacion B"]

1. d4 Nf6 2. c4 g6 3. Nc3 Bg7 4. e4 d6 5. Nf3 O-O 6. Be2 Nbd7 7. Bg5 h6 8. Bh4
e5 9. d5 g5 10. Bg3 Nc5 11. Nd2 a5 12. O-O Nh7 13. Bg4 f5 14. Bxf5 Bxf5 15.
exf5 Rxf5 16. Nde4 Nxe4 17. Nxe4 Nf6 18. f3 Nxe4 19. fxe4 Rxf1+ 20. Qxf1 Qd7
21. Qe2 Rf8 22. b3 g4 23. Rf1 Rxf1+ 24. Kxf1 Bf6 25. Be1 Bg5 26. Bxa5 b6 27.
Bd2 Bxd2 28. Qxd2 Qf7+ 29. Ke1 Qg6 30. Qe3 Kg7 31. b4 Qe8 32. Qd2 h5 33. Qe3
Kg6 34. Qf2 Qa4 35. Qf5+ Kh6 36. Qf6+ Kh7 37. Qf7+ Kh6 38. Qf6+ 1/2-1/2

[Event "Cto Equipos Aragon 2013 DH Descenso"]
[Site "Aragon"]
[Date "2013.04.07"]
[Round "11.27"]
[White "Larrosa Poves, Jose Manuel"]
[Black "Bellosta Lopez, Pablo"]
[Result "1/2-1/2"]
[WhiteElo "1983"]
[BlackElo "2072"]
[PlyCount "73"]
[EventDate "2013.??.??"]
[EventType "tourn"]
[EventRounds "4"]
[EventCountry "ESP"]
[WhiteTeam "Agrupacion B"]
[BlackTeam "Club Atletismo Huesca"]

1. d4 d5 2. c4 c6 3. Nf3 Nf6 4. Nc3 e6 5. Bg5 dxc4 6. e4 b5 7. e5 h6 8. Bh4 g5
9. Nxg5 hxg5 10. Bxg5 Nbd7 11. exf6 Qa5 12. g3 b4 13. Ne4 Ba6 14. Bd2 O-O-O 15.
a3 Qd5 16. Bg2 Nxf6 17. axb4 Nxe4 18. Rxa6 Qxd4 19. O-O Nxd2 20. Rxc6+ Kd7 21.
Qa4 Ke7 22. Rd1 Rd7 23. b5 Bh6 24. b6 axb6 25. Qb4+ Kf6 26. Qxb6 Bf8 27. Qb5
Bc5 28. Rxd2 Qxd2 29. Qxc5 Qc1+ 30. Bf1 Rd1 31. Kg2 Rxf1 32. Qd4+ Kg6 33. Qxh8
Rxf2+ 34. Kxf2 Qd2+ 35. Kf3 Qd3+ 36. Kf2 Qd2+ 37. Kf3 1/2-1/2

[Event "Cto Equipos Aragon 2013 DH Descenso"]
[Site "Aragon"]
[Date "2013.04.07"]
[Round "11.28"]
[White "Gella Lopez, Angel"]
[Black "Sanchez Moreno, Jose Carlos"]
[Result "1-0"]
[WhiteElo "2092"]
[BlackElo "1978"]
[PlyCount "71"]
[EventDate "2013.??.??"]
[EventType "tourn"]
[EventRounds "4"]
[EventCountry "ESP"]
[WhiteTeam "Club Atletismo Huesca"]
[BlackTeam "Agrupacion B"]

1. d4 d6 2. c4 g6 3. e4 Bg7 4. Nf3 c5 5. d5 a6 6. Be2 e6 7. a4 exd5 8. cxd5 Nf6
9. Nc3 O-O 10. O-O Nbd7 11. Bf4 Ne8 12. Qd2 Ndf6 13. h3 Nc7 14. Rfe1 Re8 15.
Bc4 Nh5 16. Bh2 Rb8 17. e5 dxe5 18. Nxe5 Qh4 19. d6 Ne6 20. d7 Bxd7 21. Nxd7
Rbd8 22. Bxe6 fxe6 23. Bc7 Bd4 24. Bxd8 Rxd8 25. Nb6 Rf8 26. Ne4 Nf4 27. Ra3
Rf5 28. Rf3 Nh5 29. Rxf5 exf5 30. Nxc5 Nf4 31. Kh2 Bxf2 32. Re8+ Kg7 33. Ne6+
Nxe6 34. Rxe6 f4 35. Nd5 Qg3+ 36. Kh1 1-0

[Event "Cto Equipos Aragon 2013 Pref. Ascenso"]
[Site "?"]
[Date "2013.04.07"]
[Round "11.30"]
[White "Dominguez Bujeda, Jesus"]
[Black "Hernandez Delgado, Gabriel"]
[Result "1-0"]
[WhiteElo "2146"]
[BlackElo "1974"]
[PlyCount "71"]
[EventDate "2013.04.06"]
[WhiteTeam "Teruel"]
[BlackTeam "El Olivar C"]

1. d4 Nf6 2. c4 e5 3. dxe5 Ne4 4. Nd2 Bb4 5. Ngf3 Nc6 6. a3 Bxd2+ 7. Bxd2 Qe7
8. Bf4 a5 9. Qd5 f5 10. exf6 Nxf6 11. Qd3 d6 12. g3 a4 13. Bg2 O-O 14. O-O Ne4
15. Be3 Ra5 16. Nd4 Nc5 17. Nxc6 bxc6 18. Qc3 Nb3 19. Bxc6 Re5 20. Rad1 Bd7 21.
Bxd7 Qxd7 22. Rd5 Rxd5 23. cxd5 Rf5 24. Qd3 Qf7 25. Rd1 Qd7 26. Qe4 Re5 27. Qc4
Rh5 28. Qe4 Re5 29. Qc4 Rh5 30. Qc6 Qxc6 31. dxc6 Rb5 32. Rxd6 Rb8 33. Rd7 Rc8
34. Bb6 Ra8 35. Rxc7 Nd2 36. Bd4 1-0

[Event "Cto Equipos Aragon 2013 Pref. Ascenso"]
[Site "?"]
[Date "2013.04.07"]
[Round "11.31"]
[White "De la Riva Fernandez, Eduardo"]
[Black "Martin Catalan, Juan Vicente"]
[Result "0-1"]
[WhiteElo "1970"]
[BlackElo "2096"]
[PlyCount "130"]
[EventDate "2013.04.06"]
[WhiteTeam "El Olivar C"]
[BlackTeam "Teruel"]

1. e4 c5 2. Nf3 Nc6 3. d4 cxd4 4. Nxd4 g6 5. c4 Nf6 6. Nc3 Nxd4 7. Qxd4 d6 8.
Be3 Bg7 9. Be2 O-O 10. Qd2 Be6 11. O-O Qa5 12. Rac1 Rfc8 13. b3 Nd7 14. Bd4
Bxd4 15. Qxd4 Qb4 16. h4 a5 17. f4 Qc5 18. Qf2 Qxf2+ 19. Rxf2 f6 20. Bf3 Rab8
21. Rd1 Kg7 22. Nb5 Rc5 23. g4 g5 24. Nd4 Nf8 25. hxg5 fxg5 26. f5 Bf7 27. Bg2
Nd7 28. Nf3 h6 29. Re2 b5 30. e5 Nxe5 31. Nxe5 dxe5 32. Bd5 Bxd5 33. Rxd5 Rxd5
34. cxd5 Kf6 35. Rc2 e4 36. Rc6+ Ke5 37. Rxh6 Rc8 38. Re6+ Kxd5 39. Rxe7 Rc3
40. Rg7 Rg3+ 41. Kf2 Rxg4 42. Ke3 Ke5 43. f6 Rg3+ 44. Kf2 Rf3+ 45. Ke2 Kxf6 46.
Ra7 a4 47. bxa4 bxa4 48. Rxa4 Kf5 49. Ra8 Kf4 50. a4 Ra3 51. a5 Ra2+ 52. Kf1
Ke3 53. a6 g4 54. a7 g3 55. Kg1 g2 56. Kh2 Ke2 57. Kxg2 e3 58. Rb8 Rxa7 59.
Rb2+ Kd3 60. Rb3+ Kd2 61. Rb2+ Kc3 62. Re2 Kd3 63. Rb2 e2 64. Rb3+ Kc2 65. Re3
Kd2 0-1

[Event "Cto Equipos Aragon 2013 Pref. Ascenso"]
[Site "?"]
[Date "2013.04.07"]
[Round "11.32"]
[White "Abancens Fernandez, Bernardo"]
[Black "Sarto Ramos, Angel"]
[Result "1/2-1/2"]
[WhiteElo "1580"]
[BlackElo "1957"]
[PlyCount "167"]
[EventDate "2013.04.06"]
[WhiteTeam "Teruel"]
[BlackTeam "El Olivar C"]

1. d4 c5 2. Nf3 cxd4 3. Nxd4 Nc6 4. c4 Nf6 5. Nc3 g6 6. e4 d6 7. f3 Bg7 8. Be3
O-O 9. Qd2 Bd7 10. Nc2 Rc8 11. Be2 Ne5 12. Na3 a6 13. O-O Bc6 14. Rab1 Re8 15.
Rfc1 e6 16. b4 Qc7 17. b5 Bd7 18. bxa6 bxa6 19. Bb6 Qc6 20. c5 dxc5 21. Bxa6
Rb8 22. Bb5 Qa8 23. Bxd7 Nexd7 24. Bc7 Qxa3 25. Bxb8 Nxb8 26. Nb5 Qa4 27. Rxc5
Nbd7 28. Rc7 Ne5 29. Rb3 Qa8 30. Nd6 Rf8 31. Rbb7 Qa3 32. Rc3 Qa5 33. Rb5 Qa7+
34. Kh1 Nh5 35. g4 Bh6 36. Qxh6 Qf2 37. Qe3 Ng3+ 38. hxg3 Qf1+ 39. Kh2 Ra8 40.
Rb2 Rd8 41. Rf2 Qd1 42. Rd2 Nxf3+ 43. Qxf3 Qxd2+ 44. Kh3 Rxd6 45. Rc8+ Kg7 46.
Qc3+ Qxc3 47. Rxc3 Ra6 48. a3 Kf6 49. Kg2 Ke5 50. Kf3 Ra5 51. Ke3 h6 52. Kd3 f6
53. Ke3 Kd6 54. Kf4 e5+ 55. Ke3 Ra4 56. Kf3 Ra6 57. Ke3 Ke6 58. Kf3 f5 59.
exf5+ gxf5 60. gxf5+ Kxf5 61. g4+ Kg5 62. Re3 Ra5 63. Kg3 Kf6 64. Kf2 Ra4 65.
Kg3 Ke6 66. Kh4 Kd5 67. Kg3 Ra6 68. Rb3 Ra4 69. Rb5+ Kd4 70. Rb4+ Rxb4 71. axb4
Kd3 72. Kf2 Kd2 73. b5 e4 74. b6 e3+ 75. Kg2 e2 76. b7 e1=Q 77. b8=Q Qe2+ 78.
Kh3 Qf3+ 79. Qg3 Qh1+ 80. Qh2+ Qxh2+ 81. Kxh2 Ke3 82. Kg3 Ke4 83. Kh4 Kf4 84.
Kh5 1/2-1/2